Cooperación latinoamericana en servicios : antecedentes y perspectivas.

Bibliographic Details
Main Author: Mateo, Fernando de
Other Authors: Prieto, Francisco J.
Format: Libro
Language:English
Published: Santiago, Chile CEPAL 1988
Edition:1a. ed.
Subjects:

MARC

LEADER 00000cam a2200000 a 4500
001 027732
003 UAHC_CL
005 20170803122834.0
008 010822b xx j 000 1 eng
040 |a UAHC_CL  |c UAHC_CL  |d UAHC_CL 
082 0 4 |a CEPAL 028-1254 
100 1 |a Mateo, Fernando de 
245 1 0 |a Cooperación latinoamericana en servicios :  |b antecedentes y perspectivas. 
250 |a 1a. ed. 
260 |b CEPAL  |c 1988  |a Santiago, Chile 
300 |a 155 p. 
650 4 |a INDUSTRIAS DE SERVICIOS-AMERICA LATINA 
650 4 |a INDUSTRIAS DE SERVICIOS-COOPERACION INTERNACIONAL 
650 4 |a RELACIONES ECONOMICAS INTERNACIONALES 
700 1 |a Prieto, Francisco J. 
900 |a CEPAL 028-1254 
942 |c BK 
999 |c 27732  |d 27732